1728 1106 1576 1789 1911 1175 1443 1969 1220 1164 1368 1371 1093 1288 1166 1232 1534 1387 1453 1111 1531 1412 1711 1524 1344 1122 1430 1045 1380 1825 1652 1440 1395 1295 1003 1212 1694 1509 1004 1335 1721 1060 1952 1674 1440 1877 1555 1278 1143 1798 1981 1681 1634 1078 1222 1988 1872 1092 1154 1153 1264 1686 1347 1770 1537 1637 1577 1192 1507 1851 1685 1672 1886 1379 1531 1634 1563 1615 1284 1401 1952 1339 1355 1740 1803 1592 1428 1043 1027 1353 1956 1353 1307 1429 1352 1413 1868 1833 1284 BCNSPRNW ULIB Ver.6.0+V

เปลี่ยนเป็นภาษาไทย

Change to English
 แสดงรายละเอียดบรรณานุกรม
  กลับหน้าหลัก

Brief Record : Get Marc (ISO 2709) : E-mail record : QR code < ปิดหน้าต่าง
LEADER : 00000nas 2200000uu 4500
001    13399120115
003     ULIB
008    020711s|||| th a 000 0 tha d
022    08573336
110    โรงพยาบาลเจ้าพระยาอภัยภูเบศร
245    วารสารโรงพยาบาลเจ้าพระยาอภัยภูเบศร /^cโรงพยาบาลเจ้าพระยาอภัยภูเบศร
260    ปราจีนบุรี :^bโรงพยาบาลเจ้าพระยาอภัยภูเบศร,^cม.ป.ป.
310    ^aรายสี่เดือน
850    ^aฉบับที่ 1 ปีที่ 15
945    ^p0^l0^i900673
999    ^aวรรณษา ชูชัยมงคล
รายการนี้ยังไม่มีแท็ก
คุณยังไม่ได้ล็อกอิน คุณสามารถมีกิจกรรมร่วมกับเว็บไซต์ได้ แต่ต้องล็อกอินก่อน ::
  ล็อกอิน

รายการสื่อสารสนเทศ (วารสาร)

ดูแบบ: กล่อง รายการ
ARRIVED
ฉบับที่ 1 ปีที่ 15
สถานที่: ห้องสมุดวิทยาเขตสวรรค์ประชารักษ์ >หนังสือทั่วไป

BibComment


ยังไม่เคยถูกคอมเมนท์

คอมเมนท์ทรัพยากรรายการนี้
  คอมเมนท์: วารสารโรงพยาบาลเจ..


 Copyright 2026. Bcnsprnw @Library